000 00711nam a22001217a 4500
008 110610t xxu||||| |||| 00| 0 eng d
010 _aSCCAF22
245 _aSupreme Court Criminal Appeal No. 42 OF 2000 Ssegonja Paul Vs Uganda
260 _c2000
500 _aCoram: Odoki-CJ, Oder-JSC, Tsekooko- JSC, Karokora - JSC, Kanyeihamba - JSC
500 _aAppeal from a decision of the Court of Appeal in Kampala Manyindo - DCJ, Kato and Twinomujuni - JJA. dated 08-09-2000 in Cr. App. No. 92 of 1999, arising out of the judgement of the High Court at Masaka Akiiki - Kiiza - J in Criminal Session Case No. 178 of 1998
999 _c2577
_d2577